000 00406nam a2200133Ia 4500
008 220216s9999 xx 000 0 und d
100 _aYeang H Y
245 0 _aQuantification of latex vessel plugging by the intensity of plugging
260 _bJournal of the Rubber Research Institute of Malaysia
_c1984
300 _a164-169
650 _aLatex vessel plugging
700 _aDaud Mohd Napi
942 _cJS
999 _c66183
_d66183